Guess the 1960s song lyrics #248 - Statistics

General Stats
  • This quiz has been taken 13 times
  • The average score is 73 of 130
Answer Stats
Answer % Correct
I
100%
a
89%
the
89%
an
78%
And
78%
be
78%
could
78%
her
78%
She
78%
she
78%
so
78%
Then
78%
then
78%
to
78%
by
67%
ever
67%
George Jones
67%
how
67%
Just
67%
just
67%
not
67%
Oh
67%
that
67%
Where
67%
where
67%
because
56%
But
56%
if
56%
need
56%
of
56%
would
56%
about
44%
all
44%
ask
44%
care
44%
get
44%
I'm
44%
let
44%
saw
44%
she's
44%
still
44%
thinks
44%
used
44%
friend
33%
guy
33%
happy
33%
old
33%
same
33%
spoke
33%
foolish
22%
idea
22%
name
22%
number
22%
pieces
22%
today
22%
bring
11%
everywhere
11%
haunt
11%
lingers
11%
memory
11%
mistake
11%
notion
11%
places
11%
silly
11%
somewhere
11%
such
11%
thinking
11%
went
11%
cheer
0%
rang
0%
No matching quizzes found
Score Distribution
Percent of People with Each Score
Percentile by Number Answered
Your Score History
You have not taken this quiz